000 01572nam a2200373 c 4500
003 BLK
005 20180422100818.0
008 180408b bul|||||r ||||||| ||bul||
010 _aKNG00045134000
040 _aBLK
041 _aBUL
_cBUL
080 _aМакроикономика. Микроикономика
_b330.101.54
_x(075.8)
_z330.101.54(075.8)
100 1 _aСавов, Стоядин Петков
_eпърви автор
_9364740
139 _aСавов, Стоядин Петков
_bС 83
245 1 0 _aОбща теория на пазарното стопанство
_bАвторизиран курс по Economics : За студентите от ВУЗ : Т. 1 -
_cСтоядин Петков Савов.
_nТ. 1
257 _aBGR
260 София
_bСИКОМ-22
_c1990 -
300 _c23 см
380 _a3
500 _aАвт. не е отбелязан на кор. - Офс. изд.
650 4 _aМакроикономика - учебници за ВУЗ
_9244890
650 4 _aИкономика - учебници за ВУЗ
_9243428
650 4 _aПазарно стопанство
_9265868
653 _aикономика
653 _aмакроикономика
653 _aпазарно стопанство
653 _aучебници за ВУЗ
760 1 _aСавов, Стоядин Петков
_d1990
_h247 с. : с табл., диагр.
_n5 000 тир.
_tТ. 1
852 _aЦб 166242
856 4 _qpdf
_u
856 4 _qpdf
_u
942 _cKNG
_n0
944 _aCR
_c01.01.1999
_kЛюдмила_Стоянова
944 _aED
_c23.04.2010
_k
999 _c41563
_d41563